| 000 | 00573nam a2200181 a 4500 | ||
|---|---|---|---|
| 001 | 4690 | ||
| 003 | CO-ViMGA | ||
| 008 | 141112s2004 ck r 000 u spa d | ||
| 040 |
_aCO-ViMGA _bspa _cCO-ViMGA |
||
| 082 | 0 | 4 | _a614.48 A762e |
| 100 | 1 |
_aArocha de Cabrera, Olga _92800 |
|
| 245 | 1 | 0 |
_aLa central de esterilización : _bclave en la seguridad del paciente / _cMartinez de Acosta Carmen |
| 260 |
_aBogotá : _bFondo Nacional Universitario, _c1989 |
||
| 300 | _a93 p | ||
| 650 | 1 | 4 |
_aESTERILIZACION _92801 |
| 650 | 1 | 4 |
_aMartinez de Acosta, Carmen _92802 |
| 942 |
_2ddc _cBK |
||
| 999 |
_c16700 _d16700 |
||